[Event "Open International d'Ambès 2010"]
[Site "Ambes"]
[Date "2010.04.29"]
[Round "8.20"]
[White "Delgrange, Jean Loup"]
[Black "Chansavang, Albain"]
[Result "0-1"]
[WhiteElo "1876"]
[BlackElo "1652"]
[PlyCount "111"]
[EventDate "2010.04.??"]
[EventType "swiss"]
[EventRounds "9"]
[EventCountry "FRA"]

1. Nf3 d6 2. d4 g6 3. g3 Bg7 4. Bg2 c6 5. O-O Nf6 6. c4 O-O 7. Nc3 Nbd7 8. e4
e5 9. Bg5 Qb6 10. dxe5 dxe5 11. Qc2 Re8 12. Rad1 Nc5 13. Rd2 Qc7 14. Rfd1 h6
15. Be3 Ne6 16. h3 b6 17. b4 Bb7 18. b5 Rad8 19. Qa4 Ba8 20. Rxd8 Rxd8 21.
Rxd8+ Nxd8 22. Nd2 Ne6 23. bxc6 Bxc6 24. Nb5 Bxb5 25. cxb5 Nd7 26. Nb3 Ndc5 27.
Nxc5 Nxc5 28. Qc4 Ne6 29. Qc6 Qxc6 30. bxc6 Kf8 31. f4 Ke7 32. f5 Nc7 33. Bf1
Kd6 34. Bc4 gxf5 35. Bxf7 fxe4 36. Bg6 Kxc6 37. Bxe4+ Kd6 38. Kf2 Nd5 39. Bd2
Kc5 40. Kf3 b5 41. Bg6 b4 42. Bf7 a5 43. Ke4 Ne7 44. Be3+ Kb5 45. Be8+ Kc4 46.
Bb6 Nd5 47. Bxa5 Nf6+ 48. Kxe5 Nxe8+ 49. Ke6 Bd4 50. Bd8 Kc3 51. Be7 Ng7+ 52.
Kd5 Nf5 53. Bf8 Bg7 54. g4 Ne3+ 55. Ke4 Bxf8 56. Kxe3 0-1

[Event "Open International d'Ambès 2010"]
[Site "Ambes"]
[Date "2010.04.29"]
[Round "8.21"]
[White "Cazeaux, Didier"]
[Black "Lambert, Robert"]
[Result "1-0"]
[WhiteElo "1864"]
[BlackElo "1811"]
[PlyCount "75"]
[EventDate "2010.04.??"]
[EventType "swiss"]
[EventRounds "9"]
[EventCountry "FRA"]

1. e4 c5 2. Nc3 Nc6 3. g3 d6 4. Bg2 Nf6 5. Nge2 g6 6. d3 Bg7 7. O-O O-O 8. h3
Rb8 9. f4 Nd7 10. f5 Nd4 11. g4 Nxe2+ 12. Nxe2 b5 13. Rb1 Bb7 14. Bf4 Re8 15.
Qd2 gxf5 16. gxf5 Kh8 17. Bh6 Rg8 18. Bxg7+ Rxg7 19. Nf4 Nf6 20. Kh2 Qc7 21.
Rbe1 Rbg8 22. Rg1 Rg3 23. Ng6+ fxg6 24. Kxg3 gxf5+ 25. Kh2 fxe4 26. dxe4 Bxe4
27. Bxe4 d5+ 28. Kh1 Rxg1+ 29. Rxg1 dxe4 30. Qg2 e6 31. Qg5 Qe7 32. Rf1 Ng8 33.
Qxe7 Nxe7 34. Rf6 Nf5 35. Rxe6 e3 36. Kg1 Kg7 37. Kf1 e2+ 38. Ke1 1-0

[Event "Open International d'Ambès 2010"]
[Site "Ambes"]
[Date "2010.04.29"]
[Round "8.22"]
[White "Faure, Remi"]
[Black "Pellegrin, Guy"]
[Result "0-1"]
[WhiteElo "1400"]
[BlackElo "1840"]
[PlyCount "35"]
[EventDate "2010.04.??"]
[EventType "swiss"]
[EventRounds "9"]
[EventCountry "FRA"]

1. e4 c5 2. Nf3 d6 3. Nc3 Nf6 4. Bc4 e6 5. d3 Nc6 6. Bg5 Be7 7. O-O O-O 8. Re1
Na5 9. Bb3 a6 10. Qd2 b5 11. a3 Nxb3 12. cxb3 Bb7 13. Rac1 Rc8 14. Qe3 d5 15.
Qf4 d4 16. e5 Nd5 17. Nxd5 Bxg5 18. Nxg5 0-1

[Event "Open International d'Ambès 2010"]
[Site "Ambes"]
[Date "2010.04.29"]
[Round "8.23"]
[White "L'Hospital, Philippe"]
[Black "Guenin, Pierre"]
[Result "1-0"]
[WhiteElo "1891"]
[BlackElo "1664"]
[PlyCount "70"]
[EventDate "2010.04.??"]
[EventType "swiss"]
[EventRounds "9"]
[EventCountry "FRA"]

1. d4 d5 2. Nf3 f5 3. e3 Nf6 4. Bd3 g6 5. O-O Bg7 6. b3 O-O 7. Bb2 c6 8. Nbd2
Ne4 9. Ne1 Nd7 10. f3 Nd6 11. c4 Nf6 12. Rc1 e6 13. Bb1 Nf7 14. Nd3 Kh8 15. b4
dxc4 16. Nxc4 Nd5 17. Qc2 Qg5 18. Rfe1 Bd7 19. a3 Rac8 20. Rcd1 Kg8 21. g3 Qd8
22. Nc5 Be8 23. e4 Nb6 24. Ne3 Nh6 25. Ba2 Kh8 26. a4 f4 27. Ng2 g5 28. gxf4
gxf4 29. a5 Na8 30. d5 Qg5 31. Bxg7+ Qxg7 32. d6 Rd8 33. Bxe6 b6 34. d7 bxc5
35. dxe8=Q Rdxe8 1-0

[Event "Open International d'Ambès 2010"]
[Site "Ambes"]
[Date "2010.04.29"]
[Round "8.24"]
[White "Gallice, Francois"]
[Black "Deschamps, Christophe"]
[Result "1-0"]
[WhiteElo "1861"]
[BlackElo "1380"]
[PlyCount "81"]
[EventDate "2010.04.??"]
[EventType "swiss"]
[EventRounds "9"]
[EventCountry "FRA"]

1. Nf3 Nf6 2. c4 c5 3. g3 Nc6 4. Bg2 d5 5. cxd5 Nxd5 6. O-O e6 7. b3 Bd6 8. Bb2
O-O 9. d3 e5 10. Nbd2 Be6 11. Nc4 Re8 12. Nfxe5 Rc8 13. Nxc6 Rxc6 14. Nd2 Rc8
15. a3 Rb8 16. Rc1 Qc7 17. Nc4 Red8 18. Nxd6 Qxd6 19. Qd2 Rdc8 20. e4 Nb6 21.
Qc3 Qf8 22. f4 f5 23. exf5 Bxf5 24. Be4 Bxe4 25. dxe4 c4 26. b4 Na4 27. Qd4
Nxb2 28. Qxb2 b5 29. e5 Rb7 30. Rfd1 Re7 31. Rd5 a6 32. Qd4 Re6 33. Rc3 h6 34.
Qe4 g6 35. g4 Qg7 36. Qd4 Qf8 37. Rf3 Qe7 38. f5 gxf5 39. gxf5 Rec6 40. Rg3+
Kh7 41. Rd7 1-0

[Event "Open International d'Ambès 2010"]
[Site "Ambes"]
[Date "2010.04.29"]
[Round "8.25"]
[White "Quideau, Patrice"]
[Black "Kosic, Miroslav"]
[Result "0-1"]
[WhiteElo "1780"]
[BlackElo "1383"]
[PlyCount "46"]
[EventDate "2010.04.??"]
[EventType "swiss"]
[EventRounds "9"]
[EventCountry "FRA"]

1. Nf3 d5 2. d4 e6 3. c4 Bb4+ 4. Nc3 Nc6 5. e3 Nf6 6. Bd3 Bxc3+ 7. bxc3 dxc4 8.
Bxc4 Ne4 9. Qc2 Nd6 10. Bd3 g6 11. e4 h6 12. O-O Bd7 13. Re1 b6 14. e5 Nf5 15.
Ba3 Nh4 16. Nxh4 Qxh4 17. Re4 Qd8 18. Rd1 Ne7 19. c4 c6 20. Rf4 Qc7 21. Bd6 Qd8
22. Rf6 Nf5 23. Be4 Nxd6 0-1

[Event "Open International d'Ambès 2010"]
[Site "Ambes"]
[Date "2010.04.29"]
[Round "8.26"]
[White "Trevidic, Bernard"]
[Black "Maisonnet, Jacques"]
[Result "0-1"]
[WhiteElo "1461"]
[BlackElo "1742"]
[PlyCount "49"]
[EventDate "2010.04.??"]
[EventType "swiss"]
[EventRounds "9"]
[EventCountry "FRA"]

1. e4 d6 2. d4 Nf6 3. Nc3 g6 4. Be3 Bg7 5. Nf3 c6 6. Bd3 O-O 7. O-O Qa5 8. Ne2
Bg4 9. Ng3 e5 10. c3 Nbd7 11. h3 exd4 12. cxd4 Bh5 13. Nxh5 Qxh5 14. Nh2 Qa5
15. Nf3 Rfe8 16. Bd2 Qc7 17. Re1 Rad8 18. Qc2 Rc8 19. Qb3 Nb6 20. Bf4 a6 21. g3
Nh5 22. Nd2 c5 23. Bb5 c4 24. Qxc4 Qxc4 25. Bxc4 0-1

[Event "FRA T IV 09-10"]
[Site "Champagne Ardennes"]
[Date "2009.10.04"]
[Round "1"]
[White "Durant, Christophe"]
[Black "Leghbali, Sophiane"]
[Result "1/2-1/2"]
[WhiteElo "1949"]
[BlackElo "1884"]
[PlyCount "167"]
[EventDate "2009.11.26"]
[EventType "match"]
[EventCountry "FRA"]

1. d4 Nf6 2. Nf3 g6 3. Nc3 Bg7 4. e4 d6 5. Be3 O-O 6. Qd2 Nbd7 7. O-O-O c6 8.
h3 b5 9. e5 Ne8 10. Bh6 Nb6 11. Bxg7 Kxg7 12. Bd3 Nc7 13. h4 h5 14. Ng5 Ne6 15.
Be2 Nxg5 16. Qxg5 Rh8 17. f4 Bg4 18. f5 Bxf5 19. Rhf1 Qd7 20. exd6 exd6 21. Bd3
Bxd3 22. Qf6+ Kg8 23. Rxd3 Re8 24. Rdf3 Rh7 25. Qf4 Qe6 26. R3f2 Nd5 27. Nxd5
Qxd5 28. c3 Qe6 29. Rf3 Qxa2 30. Qxd6 Re2 31. Qb8+ Kg7 32. Rxf7+ Qxf7 33. Rxf7+
Kxf7 34. Qxa7+ Re7 35. Qb6 Re6 36. Qc7+ Kg8 37. Qd8+ Kf7 38. Qd7+ Re7 39. Qxc6
b4 40. Qc4+ Ke8 41. Qxb4 Re1+ 42. Kd2 Rhe7 43. Qb5+ Kf7 44. b3 R1e4 45. Qd5+
Kg7 46. Kd3 Re3+ 47. Kc4 Rc7+ 48. Kb4 Rcxc3 49. Ka4 Rg3 50. b4 Rg4 51. Qe5+ Kf7
52. d5 Rcc4 53. Qe6+ Kf8 54. Qf6+ Ke8 55. Qb6 Kd7 56. Qe6+ Kd8 57. Qd6+ Kc8 58.
Qa6+ Kc7 59. Qa5+ Kd6 60. Qd8+ Ke5 61. d6 Rxb4+ 62. Ka3 Rbd4 63. Qe7+ Kf4 64.
d7 Kg3 65. d8=Q Rxd8 66. Qxd8 Kxg2 67. Qd2+ Kh3 68. Qf2 Rg3+ 69. Kb4 Kxh4 70.
Kc5 g5 71. Kd5 Kh3 72. Ke5 g4 73. Qf1+ Kh2 74. Qf2+ Kh3 75. Qf1+ Rg2 76. Qh1+
Rh2 77. Qf1+ Kg3 78. Ke4 Rf2 79. Qg1+ Rg2 80. Qe1+ Kh3 81. Kf4 h4 82. Qh1+ Rh2
83. Qf1+ Rg2 84. Qh1+ 1/2-1/2

[Event "FRA T IV 09-10"]
[Site "Champagne Ardennes"]
[Date "2009.10.04"]
[Round "1"]
[White "Rouable, Denis"]
[Black "Rognion, Eric"]
[Result "1-0"]
[WhiteElo "1860"]
[BlackElo "1770"]
[PlyCount "151"]
[EventDate "2009.11.26"]
[EventType "match"]
[EventCountry "FRA"]

1. d4 Nf6 2. c4 g6 3. Nc3 Bg7 4. e4 d6 5. f3 O-O 6. Be3 e5 7. Nge2 Nc6 8. d5
Ne7 9. Qd2 Ne8 10. g4 f5 11. gxf5 gxf5 12. Bg5 Nf6 13. O-O-O fxe4 14. fxe4 Bg4
15. Rg1 Qd7 16. h3 Bh5 17. Bxf6 Rxf6 18. Rxg7+ Kxg7 19. Qg5+ Bg6 20. Ng3 Rf7
21. Be2 Raf8 22. Bg4 Qd8 23. Be6 Rf2 24. h4 h6 25. Qg4 Kh7 26. h5 Bf7 27. Nf5
Rg8 28. Qh4 Nxf5 29. Qxf2 Qg5+ 30. Kb1 Bxe6 31. dxe6 Ne7 32. Qxa7 Qxh5 33. Qxb7
Qg4 34. Qxc7 Qxe6 35. Rxd6 Rg1+ 36. Kc2 Rg2+ 37. Kb3 Qf7 38. Rd7 Rg7 39. Nd5
Nxd5 40. Rxf7 Nxc7 41. Rf5 Re7 42. Kc3 Kg6 43. b4 h5 44. b5 h4 45. b6 Na6 46.
a4 h3 47. a5 h2 48. Rf1 Rh7 49. Rh1 Kg5 50. c5 Nxc5 51. Kc4 Nxe4 52. a6 Rh8 53.
Kd5 Nf2 54. Rxh2 Rxh2 55. b7 Rh8 56. a7 Rd8+ 57. Kc6 e4 58. b8=Q Rxb8 59.
axb8=Q Kg4 60. Kd5 Kf3 61. Qf8+ Ke2 62. Qf4 e3 63. Kd4 Nd1 64. Qh2+ Ke1 65. Kd3
Nf2+ 66. Kc2 Kf1 67. Qe5 Ke2 68. Qa1 Kf3 69. Qe1 Ke4 70. Qe2 Kf4 71. Kc3 Ke4
72. Kc4 Kf4 73. Kd4 Ng4 74. Qf1+ Kg3 75. Ke4 Kh4 76. Kf4 1-0

[Event "FRA T IV 09-10"]
[Site "Champagne Ardennes"]
[Date "2009.10.04"]
[Round "?"]
[White "Djemouai, Medhi"]
[Black "Collin, Patrick"]
[Result "0-1"]
[WhiteElo "1720"]
[BlackElo "1710"]
[PlyCount "108"]
[EventDate "2009.11.26"]
[EventType "match"]
[EventCountry "FRA"]

1. e4 c5 2. Nf3 d6 3. d4 cxd4 4. Nxd4 Nc6 5. Bb5 Bd7 6. Nc3 g6 7. O-O Bg7 8.
Be3 Nf6 9. Qd2 O-O 10. Nxc6 bxc6 11. Bc4 a5 12. a4 Qc7 13. Rab1 Rfe8 14. f3
Rab8 15. b3 Be6 16. Bxe6 fxe6 17. Bf4 e5 18. Be3 e6 19. Rbd1 d5 20. Bg5 Qb6+
21. Qf2 Qxf2+ 22. Rxf2 d4 23. Nb1 Nd7 24. Nd2 Nb6 25. f4 h6 26. Bh4 exf4 27.
Re2 g5 28. Bf2 e5 29. Nf3 c5 30. Be1 Ra8 31. c3 Kf7 32. Rc2 Nd7 33. Rd3 Reb8
34. Rb2 Ke6 35. h3 Nf6 36. Nd2 Bf8 37. Kf2 Rb7 38. Kf3 h5 39. g4 h4 40. Nc4 Bd6
41. cxd4 cxd4 42. Nxa5 Rbb8 43. Nc4 Bb4 44. Bxb4 Rxb4 45. Na3 Raxa4 46. Nc2 Rb8
47. b4 Nd7 48. Rdb3 Nb6 49. Na3 Rba8 50. Nb5 Rc8 51. Na3 Rc1 52. Rb1 Rxa3 53.
Rxa3 Rxb1 54. Ra6 Rxb4 0-1

[Event "FRA T IV 09-10"]
[Site "Champagne Ardennes"]
[Date "2009.10.04"]
[Round "1"]
[White "Fister, Bernard"]
[Black "Roule, Alexandre"]
[Result "1-0"]
[WhiteElo "1720"]
[BlackElo "1600"]
[PlyCount "73"]
[EventDate "2009.11.26"]
[EventType "match"]
[EventCountry "FRA"]

1. f4 d5 2. Nf3 Nc6 3. b3 Nf6 4. Bb2 e6 5. e3 Be7 6. Be2 O-O 7. O-O b6 8. Qe1
Ne4 9. d3 Nd6 10. Nbd2 Nb4 11. Bd1 Bf6 12. Ne5 Bxe5 13. Bxe5 f6 14. Bb2 Ba6 15.
e4 dxe4 16. Nxe4 Nxd3 17. cxd3 Bxd3 18. Nxd6 Bxf1 19. Qxe6+ Kh8 20. Nf7+ Rxf7
21. Qxf7 Qd2 22. Bf3 Bxg2 23. Bxg2 Qxb2 24. Rd1 Qc2 25. Qd7 Qc5+ 26. Qd4 Qxd4+
27. Rxd4 Re8 28. Rd7 h6 29. Rxc7 a5 30. Rb7 Re6 31. Kf2 Kh7 32. f5 Re5 33. Rxb6
Rxf5+ 34. Bf3 g5 35. Ke3 Rc5 36. Rxf6 Rc2 37. Be4+ 1-0

[Event "FRA T IV 09-10"]
[Site "Champagne Ardennes"]
[Date "2009.10.04"]
[Round "1"]
[White "Robert, Emmanuel"]
[Black "Guillaume, Jean Francois"]
[Result "1/2-1/2"]
[WhiteElo "1580"]
[BlackElo "1822"]
[PlyCount "106"]
[EventDate "2009.11.26"]
[EventType "match"]
[EventCountry "FRA"]

1. e4 c5 2. Nf3 Nc6 3. Bc4 g6 4. d3 Bg7 5. Ng5 e6 6. c3 Nf6 7. O-O O-O 8. f4 d5
9. exd5 exd5 10. Bb3 Bg4 11. Nf3 Qb6 12. Kh1 Rad8 13. h3 Bxf3 14. Qxf3 Na5 15.
Bc2 d4 16. c4 Qd6 17. Bd2 Nc6 18. Na3 a6 19. Ba4 Nb4 20. Nc2 Nxc2 21. Bxc2 b5
22. b3 Rd7 23. Rae1 Rb8 24. Bb1 h6 25. Kg1 Rc8 26. Re5 Ne8 27. Re2 Re7 28. Rfe1
Rxe2 29. Rxe2 Nf6 30. Qb7 Qc6 31. Qxc6 Rxc6 32. Kf2 Kf8 33. Re5 Nd7 34. Re2 b4
35. Bc2 Re6 36. Rxe6 fxe6 37. g4 Kf7 38. Bd1 Bf6 39. Kg3 g5 40. Bf3 gxf4+ 41.
Bxf4 Be5 42. Be4 Kf6 43. Bc6 Bxf4+ 44. Kxf4 Ne5 45. Be4 Nf7 46. h4 a5 47. Bf3
e5+ 48. Ke4 Ke6 49. Be2 Nd6+ 50. Kf3 Kf6 51. Kg3 e4 52. Kf4 e3 53. g5+ hxg5+
1/2-1/2

[Event "FRA T IV 09-10"]
[Site "Champagne Ardennes"]
[Date "2009.10.04"]
[Round "1"]
[White "Motin, Jean Charles"]
[Black "Pelade, Thierry"]
[Result "0-1"]
[WhiteElo "1570"]
[BlackElo "1710"]
[PlyCount "78"]
[EventDate "2009.11.26"]
[EventType "match"]
[EventCountry "FRA"]

1. Nf3 Nc6 2. Nc3 e5 3. e4 d6 4. Bc4 Bg4 5. Bd5 Nf6 6. Bxc6+ bxc6 7. h3 Bh5 8.
d3 h6 9. O-O d5 10. Qe1 Bxf3 11. gxf3 Bd6 12. Kg2 Nh7 13. exd5 cxd5 14. Nxd5
Ng5 15. f4 Ne6 16. fxe5 Bc5 17. Nc3 Bd4 18. Ne4 Qh4 19. f4 Qd8 20. c3 Bb6 21.
Be3 Qxd3 22. Bxb6 axb6 23. Rd1 Qb5 24. Rb1 Rxa2 25. Qd2 O-O 26. Rf3 Rd8 27. Qc2
Qc6 28. Kf2 Nd4 29. Qd3 Ne6 30. Qe2 Ra4 31. Re1 Nc5 32. Nd2 Ra2 33. Nb1 Ra1 34.
Na3 Rxe1 35. Kxe1 Qd5 36. Nc2 Nd3+ 37. Kf1 Nxb2 38. Nb4 Qd1+ 39. Kf2 Rd2 0-1

[Event "FRA T IV 09-10"]
[Site "Champagne Ardennes"]
[Date "2009.10.04"]
[Round "1"]
[White "Lhoest, Alain"]
[Black "Hascher, Nicolas"]
[Result "1/2-1/2"]
[WhiteElo "1720"]
[BlackElo "1976"]
[PlyCount "63"]
[EventDate "2009.11.26"]
[EventType "match"]
[EventCountry "FRA"]

1. e4 c5 2. Nf3 d6 3. Bb5+ Nc6 4. Bxc6+ bxc6 5. O-O e6 6. c4 Be7 7. Nc3 Bf6 8.
d4 cxd4 9. Nxd4 Qc7 10. Be3 Ne7 11. Qd2 e5 12. Nde2 Be6 13. b3 O-O 14. Rad1
Rfd8 15. h3 Ng6 16. f4 exf4 17. Nxf4 Nxf4 18. Bxf4 Be5 19. Ne2 a5 20. Rf3 Rd7
21. Rd3 Rad8 22. Nd4 Bxd4+ 23. Rxd4 Qb6 24. Kh1 d5 25. cxd5 cxd5 26. Be3 Qb5
27. exd5 Rxd5 28. Qf2 Rxd4 29. Rxd4 Rxd4 30. Bxd4 Qd5 31. Qb2 f6 32. Qd2
1/2-1/2

[Event "FRA T IV 09-10"]
[Site "Champagne Ardennes"]
[Date "2009.10.04"]
[Round "1"]
[White "Tournier, Timothee"]
[Black "Gerardin, David"]
[Result "1/2-1/2"]
[WhiteElo "1888"]
[BlackElo "1730"]
[PlyCount "68"]
[EventDate "2009.11.26"]
[EventType "match"]
[EventCountry "FRA"]

1. d4 Nf6 2. c4 e6 3. Nc3 Bb4 4. Nf3 c5 5. g3 Nc6 6. d5 Bxc3+ 7. bxc3 Ne7 8.
dxe6 dxe6 9. Qxd8+ Kxd8 10. Ne5 Ke8 11. Be3 b6 12. Bg2 Rb8 13. Rb1 Bb7 14. Bxb7
Rxb7 15. Bxc5 Nd7 16. Nxd7 Kxd7 17. Ba3 Rc8 18. c5 Nd5 19. Kd2 Rbc7 20. c4 Nf6
21. f3 bxc5 22. Kc3 Kc6 23. Rb5 Kd6 24. Rd1+ Ke7 25. Rdb1 Nd7 26. Ra5 Kd6 27.
Ra6+ Ke7 28. Bc1 f6 29. Be3 Rb8 30. Rxb8 Nxb8 31. Ra5 Kd6 32. Rb5 Ke7 33. a4 a6
34. Rb1 Nc6 1/2-1/2

[Event "FRA T IV 09-10"]
[Site "Champagne Ardennes"]
[Date "2009.10.04"]
[Round "1"]
[White "Fournier, Manuel"]
[Black "Lambert, Alban"]
[Result "0-1"]
[WhiteElo "1860"]
[BlackElo "2011"]
[PlyCount "91"]
[EventDate "2009.11.26"]
[EventType "match"]
[EventCountry "FRA"]

1. e4 e6 2. d4 d5 3. e5 c5 4. c3 Qb6 5. Nf3 Nc6 6. a3 Bd7 7. b4 cxb4 8. cxb4
Nxb4 9. axb4 Bxb4+ 10. Bd2 Ne7 11. Bxb4 Qxb4+ 12. Qd2 Qxd2+ 13. Nbxd2 O-O 14.
Bd3 Rfc8 15. Ke2 a6 16. Rhc1 Nc6 17. Nb3 Nb4 18. Nc5 Nxd3 19. Kxd3 Bc6 20. Rab1
Rc7 21. Rb6 Rac8 22. Rcb1 Bb5+ 23. Kd2 Rb8 24. Nxa6 Bxa6 25. Rxa6 Rbc8 26. Rab6
Kf8 27. Rxb7 Ke7 28. Rxc7+ Rxc7 29. Ne1 f6 30. Nd3 Rc4 31. Rb7+ Kf8 32. Ke3 f5
33. Nc5 Kg8 34. Nxe6 g6 35. Nc7 f4+ 36. Kd3 Rc6 37. Nxd5 Kf8 38. Nxf4 g5 39.
Nh5 Rc8 40. Rxh7 Kg8 41. Nf6+ Kf8 42. Rh8+ Ke7 43. Rxc8 Ke6 44. Ke4 g4 45. Rc7
g3 46. d5# 0-1

[Event "FRA T IV 09-10"]
[Site "Champagne Ardennes"]
[Date "2009.10.04"]
[Round "1"]
[White "Chittier, Celine"]
[Black "Noizet, Regis"]
[Result "1-0"]
[WhiteElo "1879"]
[BlackElo "1582"]
[PlyCount "135"]
[EventDate "2009.11.26"]
[EventType "match"]
[EventCountry "FRA"]

1. Nf3 d5 2. d4 Nf6 3. Bf4 e6 4. e3 Bd6 5. Bg3 c5 6. Bb5+ Nc6 7. c4 O-O 8. O-O
a6 9. Bxc6 bxc6 10. Ne5 Bxe5 11. Bxe5 dxc4 12. Qa4 cxd4 13. Bxd4 a5 14. Qxc6
Qd5 15. Qxd5 Nxd5 16. Nc3 Rb8 17. Rfd1 Re8 18. Be5 Nxc3 19. Bxc3 a4 20. a3 Ba6
21. Rd6 Bb5 22. Rad1 h5 23. h3 g6 24. g4 Kh7 25. Kh2 Rg8 26. Kg3 g5 27. R1d4
h4+ 28. Kg2 Kg6 29. f4 gxf4 30. Rxf4 Rb7 31. Bf6 Bd7 32. Rf2 Rgb8 33. Rdd2 Bc6+
34. Kg1 Rb3 35. Bc3 R8b7 36. Rd4 Rxc3 37. bxc3 Rb1+ 38. Rf1 Rb2 39. e4 Bb5 40.
Rd8 Kg7 41. Rb8 Rb3 42. Rb7 Be8 43. Rxb3 axb3 44. Kf2 Kf6 45. Ke3+ Ke5 46. Rd1
f6 47. Ra1 Ba4 48. Re1 Bc6 49. a4 Bxe4 50. Re2 Bd3 51. Rf2 Bc2 52. Kd2 Bd3 53.
Ke1 f5 54. a5 fxg4 55. hxg4 Be4 56. Re2 h3 57. a6 Kf4 58. Rxe4+ Kxe4 59. a7 Kf4
60. a8=Q Kxg4 61. Qe4+ Kg3 62. Qxc4 h2 63. Qf1 e5 64. Kd2 b2 65. Ke3 e4 66. c4
b1=Q 67. Qxb1 h1=Q 68. Qxh1 1-0

[Event "FRA T IV 09-10"]
[Site "Champagne Ardennes"]
[Date "2009.10.04"]
[Round "1"]
[White "Noizet, Donatien"]
[Black "Guyot, Philippe"]
[Result "1-0"]
[WhiteElo "1840"]
[BlackElo "2001"]
[PlyCount "179"]
[EventDate "2009.11.26"]
[EventType "match"]
[EventCountry "FRA"]

1. d4 d6 2. c4 e5 3. dxe5 dxe5 4. Qxd8+ Kxd8 5. a3 Be6 6. e3 Nd7 7. Nf3 f6 8.
b4 a5 9. b5 Nc5 10. Nc3 Nb3 11. Rb1 Nxc1 12. Rxc1 Bxa3 13. Rd1+ Ke7 14. Nd5+
Bxd5 15. cxd5 Bb4+ 16. Nd2 Kd6 17. Bc4 Ne7 18. O-O Bxd2 19. Rxd2 Rhd8 20. e4
Nc8 21. g3 Nb6 22. Bd3 Nd7 23. Rb2 Nc5 24. Bc2 b6 25. f4 Re8 26. f5 Rg8 27. Bd1
Raf8 28. Kg2 Ra8 29. Bc2 Ra7 30. Rf3 a4 31. Ra3 Ra5 32. h3 g6 33. fxg6 hxg6 34.
Bb1 Rf8 35. g4 Rg8 36. h4 f5 37. exf5 e4 38. f6 Kxd5 39. Ba2+ Nb3 40. Raxb3
axb3 41. Bxb3+ Ke5 42. Bxg8 Kxf6 43. Bd5 Ke5 44. Bf7 Kf4 45. Bxg6 Kxg4 46. h5
Kg5 47. Kf2 Ra3 48. Re2 Rb3 49. Be8 Kf4 50. Bc6 e3+ 51. Kg2 Kg5 52. Kf3 Kxh5
53. Rxe3 Rb4 54. Re7 Kg5 55. Rxc7 Kf5 56. Rb7 Rb3+ 57. Ke2 Ke5 58. Rxb6 Kd4 59.
Rb8 Kc5 60. Rd8 Kb6 61. Kd2 Kc5 62. Kc2 Rb4 63. Rh8 Rf4 64. Rh3 Kb6 65. Kb3 Ka5
66. Rc3 Rb4+ 67. Ka3 Ra4+ 68. Kb2 Kb6 69. Kb3 Ka5 70. Kb2 Kb6 71. Ra3 Rh4 72.
Re3 Ka5 73. Kc3 Rf4 74. Kd3 Kb6 75. Re4 Rf1 76. Kc4 Rc1+ 77. Kd5 Rd1+ 78. Rd4
Rg1 79. Kd6 Rg6+ 80. Kd7 Rg7+ 81. Kd8 Rg8+ 82. Be8 Rh8 83. Rd6+ Kb7 84. Rf6 Rg8
85. Ke7 Rg1 86. Re6 Rc1 87. Bg6 Rc7+ 88. Kf6 Rc1 89. Be4+ Ka7 90. b6+ 1-0

[Event "FRA T IV 09-10"]
[Site "Champagne Ardennes"]
[Date "2009.10.04"]
[Round "1.2"]
[White "Aubriet, Laurent"]
[Black "Dubuisson, Thomas"]
[Result "1-0"]
[WhiteElo "2034"]
[BlackElo "2010"]
[PlyCount "93"]
[EventDate "2009.11.26"]
[EventType "match"]
[EventCountry "FRA"]

1. d4 Nf6 2. c4 c5 3. d5 e6 4. Nc3 exd5 5. cxd5 d6 6. e4 g6 7. h3 Bg7 8. Nf3 a6
9. a4 O-O 10. Bd3 Re8 11. O-O c4 12. Bc2 Nbd7 13. Be3 Ne5 14. Nd2 Qe7 15. Qe2
Bd7 16. f4 Nd3 17. Nxc4 Nb4 18. Nb6 Nxc2 19. Qxc2 Nxe4 20. Nxe4 Qxe4 21. Qxe4
Rxe4 22. Nxa8 Rxe3 23. Nb6 Bf5 24. Nc4 Re2 25. Nxd6 Bxb2 26. Rae1 Rd2 27. Nxf5
gxf5 28. Rd1 Rxd1 29. Rxd1 Kf8 30. Kf1 b6 31. Re1 Ba3 32. Kf2 b5 33. axb5 axb5
34. Kg3 Bd6 35. Kf3 b4 36. g4 fxg4+ 37. hxg4 Bc5 38. Ke4 Ke7 39. Kd3+ Kd6 40.
Kc4 Bf2 41. Rh1 Be3 42. Rh6+ Ke7 43. Kxb4 Bxf4 44. Rxh7 Be3 45. Kc4 Bf4 46. Rh5
Kd6 47. Rf5 1-0

[Event "FRA T IV 09-10"]
[Site "Champagne Ardennes"]
[Date "2009.10.04"]
[Round "1.3"]
[White "Glod, Philippe"]
[Black "Delmont, Jean Robert"]
[Result "0-1"]
[WhiteElo "1919"]
[BlackElo "1977"]
[PlyCount "90"]
[EventDate "2009.11.26"]
[EventType "match"]
[EventCountry "FRA"]

1. e4 c5 2. Nf3 d6 3. Bb5+ Bd7 4. Bxd7+ Qxd7 5. c4 e5 6. Nc3 Nc6 7. d3 f5 8.
exf5 Qxf5 9. Nd5 Qd7 10. Bg5 Be7 11. Qd2 Nf6 12. Bxf6 Bxf6 13. O-O O-O 14. Rab1
b6 15. b4 cxb4 16. Nxb4 Nxb4 17. Rxb4 d5 18. Re1 dxc4 19. Rxc4 Rad8 20. Re3
Rfe8 21. Rce4 Qb5 22. Qb4 Qxb4 23. Rxb4 Rd5 24. Ra4 a5 25. Kf1 Rc8 26. Rc4 Rdc5
27. Ree4 b5 28. Rxc5 Rxc5 29. g4 g5 30. h4 h6 31. hxg5 hxg5 32. Ke1 Kf7 33. Kd2
Ke6 34. Nd4+ Kd5 35. Nb3 Rc7 36. a4 Be7 37. axb5 Bb4+ 38. Kd1 Rc3 39. Nc1 Ba3
40. Rc4 Rxc1+ 41. Rxc1 Bxc1 42. Kxc1 Kc5 43. Kb2 Kxb5 44. f3 Kc5 45. Kc3 Kd5
0-1

[Event "FRA T IV 09-10"]
[Site "Champagne Ardennes"]
[Date "2009.10.04"]
[Round "1.5"]
[White "Peltriaux, Guillaume"]
[Black "Barreaux, Samuel"]
[Result "1/2-1/2"]
[WhiteElo "1896"]
[BlackElo "1860"]
[PlyCount "118"]
[EventDate "2009.11.26"]
[EventType "match"]
[EventCountry "FRA"]

1. e4 e6 2. d3 b6 3. Nf3 h6 4. g3 Bb7 5. Bg2 d5 6. Qe2 d4 7. O-O c5 8. c3 Nc6
9. e5 Qc7 10. h4 O-O-O 11. Re1 Nge7 12. Na3 a6 13. Nc2 dxc3 14. bxc3 Nd5 15.
Bb2 Be7 16. a3 Qd7 17. Rad1 Kb8 18. d4 Qc8 19. Bh3 cxd4 20. cxd4 Rd7 21. Ne3
Qf8 22. Rd3 Ka7 23. Nd2 Qd8 24. Rc1 g5 25. h5 Nc7 26. d5 Nxd5 27. Nxd5 Rxd5 28.
Rxd5 Qxd5 29. Bg2 Nd4 30. Qf1 Ne2+ 31. Kh2 Qxg2+ 32. Qxg2 Bxg2 33. Rc7+ Bb7 34.
Rxe7 Rf8 35. Ne4 Kb8 36. Nd6 Bd5 37. Rxf7 Rxf7 38. Nxf7 Bf3 39. Nxh6 Bxh5 40.
Kg2 Bg6 41. f3 a5 42. Kf2 Bd3 43. Nf7 g4 44. fxg4 b5 45. Nd8 b4 46. axb4 axb4
47. Nc6+ Kc7 48. Nxb4 Bc4 49. Nc2 Kd7 50. Ne3 Bd3 51. g5 Ke7 52. Ng2 Kf7 53.
Nh4 Kg7 54. Ng2 Bb5 55. Nf4 Nxf4 56. gxf4 Bd3 57. Kf3 Bf5 58. Ke3 Kg6 59. Kd4
Bh3 1/2-1/2

[Event "FRA T IV 09-10"]
[Site "Champagne Ardennes"]
[Date "2009.10.??"]
[Round "1.6"]
[White "Dhaussy, Adrien"]
[Black "Fourcart, Marc"]
[Result "1-0"]
[WhiteElo "1861"]
[BlackElo "1711"]
[PlyCount "67"]
[EventDate "2009.11.26"]
[EventType "match"]
[EventCountry "FRA"]

1. e4 c5 2. Nf3 d6 3. d4 cxd4 4. Qxd4 Nf6 5. Bb5+ Bd7 6. Bxd7+ Qxd7 7. c4 Nc6
8. Qd3 Qg4 9. Nc3 Qxg2 10. Rg1 Qh3 11. Bg5 O-O-O 12. O-O-O Qe6 13. Nd4 Qd7 14.
Ncb5 a6 15. Nxc6 bxc6 16. Nc3 c5 17. Bxf6 gxf6 18. Nd5 Bh6+ 19. Kb1 Qb7 20.
Qh3+ e6 21. Rg3 Bf8 22. Rb3 Qa7 23. Nb6+ Kc7 24. Qh5 Kc6 25. Qf3 Rb8 26. e5+
Kc7 27. Qxf6 Rxb6 28. Rxb6 Kxb6 29. Qxh8 Qa8 30. Qxh7 Qf3 31. Qd3 Qxd3+ 32.
Rxd3 dxe5 33. Rd7 f6 34. Rf7 1-0

[Event "FRA T IV 09-10"]
[Site "Champagne Ardennes"]
[Date "2009.10.18"]
[Round "2.1"]
[White "Defrance, Laurent"]
[Black "Sohier, Renaud"]
[Result "1-0"]
[WhiteElo "2202"]
[BlackElo "2060"]
[PlyCount "69"]
[EventDate "2009.11.26"]
[EventType "match"]
[EventCountry "FRA"]

1. Nf3 d5 2. d4 e6 3. c4 c6 4. cxd5 exd5 5. Nc3 Bd6 6. Bg5 Be7 7. Bxe7 Qxe7 8.
e3 Bf5 9. Bd3 Bxd3 10. Qxd3 Nd7 11. O-O Ngf6 12. b4 Ne4 13. Rab1 Rc8 14. b5
Nxc3 15. Qxc3 O-O 16. bxc6 Rxc6 17. Qa5 Nb6 18. Ne5 Rh6 19. Rfc1 f6 20. Nf3 Rg6
21. Qxa7 Qe4 22. Qxb6 Qxf3 23. Qe6+ Kh8 24. g3 h5 25. Rc8 Rxc8 26. Qxc8+ Kh7
27. Qh3 Qe4 28. Qxh5+ Rh6 29. Qd1 Qf5 30. Rc1 Qh3 31. Qc2+ f5 32. f3 Rg6 33.
Qg2 Qh6 34. f4 Ra6 35. Qxd5 1-0